00474nam a2200169 a 4500001000400000003000900004008004100013040002800054082001700082100001700099245002600116260004400142300001500186490001600201500006300217650002400280968CO-ViMGA141112s2004 ck r 000 u spa d aCO-ViMGAbspacCO-ViMGA04aN 861.2 D1741 aDario, Ruben10aAntología poética aSantafé de Bogotá : bNorma, c1990 a107, 146 p aCara y cruz aEncuadernado con A propósito de Ruben Dario y su obra. 14aPOESIA NICARAGUENSE